1850 1225 1777 1311 1910 1122 1909 1602 1436 1969 1133 1207 1415 1340 1134 1678 1284 1207 1341 1464 1018 1919 1926 1468 1702 1693 1977 1743 1700 1763 1649 1819 1344 1996 1545 1936 1045 1490 1373 1333 1394 1911 1926 1763 1737 1460 1967 1319 1305 1996 1774 1413 1784 1790 1862 1233 1148 1627 1798 1699 1915 1920 1438 1192 1553 1593 1118 1145 1910 1059 1056 1026 1436 1278 1042 1768 1136 1839 1926 1317 1218 1806 1916 1238 1886 1595 1591 1146 1275 1260 1402 1276 1715 1112 1145 1120 1340 1700 1878 BCNSPRNW ULIB Ver.6.0+V

เปลี่ยนเป็นภาษาไทย

Change to English
 แสดงรายละเอียดบรรณานุกรม
  กลับหน้าหลัก

Brief Record : Get Marc (ISO 2709) : E-mail record : QR code < ปิดหน้าต่าง
LEADER : 00000nam 2200000uu 4500
001    13399128773
003     ULIB
008    240904s2562||||th 000 0 tha d
020    ^a9786164979840
060 04 ^aWG370^bณ321ย
100 0  ^aณัฐ คูณรังษีสมบูรณ์
245 10 ^aยารักษาภาวะหัวใจล้มเหลว =^bDrugs used for treatment of heartfailure /^cณัฐ คูณรังษีสมบูรณ์
246 31 ^aDrugs used for treatment of heart failure
250    ^aพิมพ์ครั้งที่ 1
260    ^aเชียงใหม่ :^bภาควิชาเภสัชวิทยา คณะแพทยศาสตร์ มหาวิทยาลัยเชียงใหม่,^c2562
300    ^axi, 174, [1] หน้า :^bภาพประกอบ ;^c26 ซม.
500    ^aสนับสนุนโดย โครงการตำรา คณะแพทยศาสตร์ มหาวิทยาลัยเชียงใหม่ ตุลาคม2562
504    ^aมีบรรณานุกรมและดัชนี
505 0  ^aภาวะหัวใจล้มเหลว -- ยากลุ่มยับยั้งเอนไซม์เปลี่ยนแองจิโอเทนซิน --ยากลุ่มปิดกั้นตัวรับแองจิโอเทนซิน 2 --ยากลุ่มต้านตัวรับมินเนอราโลคาร์ติคอยด์ --ยากลุ่มยับยั้งตัวรับแองจิโอเทนซินและเนพริไลซิน --ยากลุ่มปิดกั้นตัวรับแอดรีเนอร์จิกชนิดเบต้า --ยากลุ่มยับยั้งช่องสัญญาณกระแสกำหนดจังหวะการเต้นหัวใจ -- ยาขับปัสสาวะ -- ยากลุ่มต้านตัวรับวาโซเพรสซิน -- ยาขยายหลอดเลือด --ยากลุ่มเนทริยูเรติกเพปไทด์ -- จากลุ่มคาร์ดิแอ็กไกลโคไซด์ --ยากลุ่มกระตุ้นการบีบตัวของกล้ามเนื้อหัวใจ --ยาที่ห้ามใช้ในภาวะหัวใจล้มเหลว --แนวทางการรักษาภาวะหัวใจล้มเหลวด้วยยา
650  4 ^aหัวใจวาย^xการรักษาด้วยยา
650  4 ^aยา^xการใช้รักษา
650  4 ^aยารักษาโรคทางระบบหัวใจร่วมหลอดเลือด
650  4 ^aหัวใจวาย^xการรักษาด้วยยา
710 2  ^aมหาวิทยาลัยเชียงใหม่.^bคณะแพทยศาสตร์.^bภาควิชาเภสัชวิทยา
945    ^p300^l0^i30236
945    ^p300^l0^i30237
945    ^p300^l0^i30238
999    ^aกัณชพร จุลอักษร
รายการนี้ยังไม่มีแท็ก
คุณยังไม่ได้ล็อกอิน คุณสามารถมีกิจกรรมร่วมกับเว็บไซต์ได้ แต่ต้องล็อกอินก่อน ::
  ล็อกอิน

รายการสื่อสารสนเทศ

ลำดับที่ ประเภท เลขเรียก/บาร์โค้ด สถานที่ สถานะ
1. หนังสือสำรอง
หนังสือสำรอง
WG370 ณ321ย ฉ.1 
  Barcode: 30236
ห้องสมุดวิทยาเขตนครสวรรค์
►หนังสือทั่วไป:l:General Books
บนชั้น
2. วิทยาศาสตร์การแพทย์ และสุขภาพ
วิทยาศาสตร์การแพทย์ และสุขภาพ
WG370 ณ321ย ฉ.2 
  Barcode: 30237
ห้องสมุดวิทยาเขตนครสวรรค์
►หนังสือทั่วไป:l:General Books
บนชั้น
3. วิทยาศาสตร์การแพทย์ และสุขภาพ
วิทยาศาสตร์การแพทย์ และสุขภาพ
WG370 ณ321ย ฉ.3 
  Barcode: 30238
ห้องสมุดวิทยาเขตนครสวรรค์
►หนังสือทั่วไป:l:General Books
บนชั้น

รายการใกล้เคียง
    ผู้แต่ง [ณัฐ คูณรังษีสมบูรณ์]

    หัวเรื่อง [ยารักษาโรคทางระบบหัวใจร่วมหลอดเลือด]

BibComment


ยังไม่เคยถูกคอมเมนท์

คอมเมนท์ทรัพยากรรายการนี้
  คอมเมนท์: ยารักษาภาวะหัวใจ..


 Copyright 2026. Bcnsprnw @Library